Online
Catalog

Racionalización presupuestaria y política de gasto público / (Record no. 52216)

MARC details
000 -CABECERA
campo de control de longitud fija 02324nam a2200373 i 4500
003 - IDENTIFICADOR DEL NÚMERO DE CONTROL
campo de control DO-SdBNP
005 - FECHA Y HORA DE LA ÚLTIMA TRANSACCIÓN
campo de control 20250307094247.0
007 - CAMPO FIJO DE DESCRIPCIÓN FÍSICA--INFORMACIÓN GENERAL
campo de control de longitud fija ta
008 - DATOS DE LONGITUD FIJA--INFORMACIÓN GENERAL
campo de control de longitud fija 220722t2001 dr ad||fr|||| 001 0 spa d
020 ## - NÚMERO INTERNACIONAL ESTÁNDAR DEL LIBRO
Número Internacional Estándar del Libro 9993430129
040 ## - FUENTE DE LA CATALOGACIÓN
Centro catalogador/agencia de origen DO-SdBNP
Lengua de catalogación spa
Centro/agencia transcriptor BNPHU
Normas de descripción rda
082 #4 - NÚMERO DE LA CLASIFICACIÓN DECIMAL DEWEY
Número de documento/Ítem R121p
Número de edición 22
245 00 - MENCIÓN DE TÍTULO
Título Racionalización presupuestaria y política de gasto público /
Mención de responsabilidad, etc. editores, Andrés Dauhajre, hijo, Jaime Aristy, Rita Mena Peguero, Arturo Méndez Gómez y Héctor Salcedo Llibre.
264 #4 - PRODUCCIÓN, PUBLICACIÓN, DISTRIBUCIÓN, FABRICACIÓN Y COPYRIGHT
Producción, publicación, distribución, fabricación y copyright Santo Domingo :
Nombre del de productor, editor, distribuidor, fabricante Fundación Economía y Desarrollo,
Fecha de producción, publicación, distribución, fabricación o copyright 2001
300 ## - DESCRIPCIÓN FÍSICA
Extensión 534 páginas :
Otras características físicas Ilustraciones, gráficas ;
Dimensiones 27
336 ## - TIPO DE CONTENIDO
Fuente rdacontent
Término de tipo de contenido texto
Código de tipo de contenido txt
337 ## - TIPO DE MEDIO
Fuente rdamedia
Nombre/término del tipo de medio sin mediación
Código del tipo de medio n
338 ## - TIPO DE SOPORTE
Fuente rdacarrier
Nombre/término del tipo de soporte volumen
Código del tipo de soporte nc
504 ## - NOTA DE BIBLIOGRAFÍA, ETC.
Nota de bibliografía, etc. Bibliografía: p. 534
505 ## - NOTA DE CONTENIDO CON FORMATO
Nota de contenido con formato Presentación.
Título Capítulo I: Magnitud del Gasto Público global y Social.--
-- Capítulo I: Análisis del Gasto en Programas de la Presidencia de la República.--
-- Capítulo III: Análisis del Gasto en la Secretaría de Estado de Educación y Cultura.--
-- Capítulo IV: Análisis del Gasto en la Secretaría de Estado de Salud y Asistencia Social.--
-- Capítulo V: Análisis del Gasto en la Secretaría de Estado de Agricultura.--
-- Capítulo VI: Análisis del Gasto en la Secretaría de Estado de Obras Públicas y Comunicaciones.--
-- Capítulo VII: Los Programas Sociales en la República Dominicana: Análisis del Gasto Social y Recomendaciones Metodológicas para Evaluar su Efectividad.--
-- Capítulo IV: Análisis del Gasto en la Secretaría de Estado de Salud y Asistencia Social.--
-- Bibliografía: página 534
590 ## - NOTA LOCAL (RLIN)
Nota local Inventariado 2024 / MF
650 #4 - PUNTO DE ACCESO ADICIONAL DE MATERIA--TÉRMINO DE MATERIA
9 (RLIN) 79139
Término de materia o nombre geográfico como elemento de entrada Política de gastos públicos
Subdivisión geográfica República Dominicana
651 #4 - PUNTO DE ACCESO ADICIONAL DE MATERIA--NOMBRE GEOGRÁFICO
9 (RLIN) 44663
Nombre geográfico República Dominicana
Subdivisión general Gastos Presupustarios Público
Subdivisión cronológica 2001
700 1# - PUNTO DE ACCESO ADICIONAL--NOMBRE DE PERSONA
Nombre de persona Dauhajre, Andrés
Término indicativo de función/relación editor
9 (RLIN) 6000
700 1# - PUNTO DE ACCESO ADICIONAL--NOMBRE DE PERSONA
Nombre de persona Aristy, Jaime,
Término indicativo de función/relación editor
9 (RLIN) 10421
700 1# - PUNTO DE ACCESO ADICIONAL--NOMBRE DE PERSONA
Nombre de persona Mena Peguero, Rita,
Término indicativo de función/relación editor
9 (RLIN) 10382
700 1# - PUNTO DE ACCESO ADICIONAL--NOMBRE DE PERSONA
Nombre de persona Méndez Gómez, Arturo,
Término indicativo de función/relación editor
9 (RLIN) 10423
700 1# - PUNTO DE ACCESO ADICIONAL--NOMBRE DE PERSONA
Nombre de persona Salcedo Llibre, Héctor
Término indicativo de función/relación editor
9 (RLIN) 10424
710 2# - PUNTO DE ACCESO ADICIONAL--NOMBRE DE ENTIDAD CORPORATIVA
Nombre de entidad corporativa o nombre de jurisdicción como elemento de entrada Banco Central de la República Dominicana
Término indicativo de función/relación ed.
9 (RLIN) 83405
710 ## - PUNTO DE ACCESO ADICIONAL--NOMBRE DE ENTIDAD CORPORATIVA
Nombre de entidad corporativa o nombre de jurisdicción como elemento de entrada Estados Unidos .
Unidad subordinada Agency for International Development
9 (RLIN) 83946
710 14 - PUNTO DE ACCESO ADICIONAL--NOMBRE DE ENTIDAD CORPORATIVA
Nombre de entidad corporativa o nombre de jurisdicción como elemento de entrada Republica Dominicana.
Unidad subordinada Oficina Nacional de Planificación.
9 (RLIN) 70392
910 ## - DATOS DE OPCIÓN DEL USUARIO (OCLC)
Datos de opción del usuario MFeliz
942 ## - ELEMENTOS DE PUNTO DE ACCESO ADICIONAL (KOHA)
Fuente del sistema de clasificación o colocación Dewey Decimal Classification
Tipo de ítem Koha Libro
Holdings
Estado de retiro Estado de pérdida Fuente del sistema de clasificación o colocación Restricciones de uso No para préstamo Código de colección Localización permanente Ubicación/localización actual Ubicación en estantería Fecha de adquisición Fuente de adquisición Total de préstamos Signatura topográfica completa Código de barras Fecha visto por última vez Precio válido a partir de Tipo de ítem Koha Número de copia
    Dewey Decimal Classification Excluido de préstamo   Patrimonio Dominicano Biblioteca Nacional Pedro Henríquez Ureña Biblioteca Nacional Pedro Henríquez Ureña En catalogación 22.07.2018 Donado por CENTEV   R121p 2022-3533 22.07.2022 22.07.2022 Libro  
    Dewey Decimal Classification Excluido de préstamo   Patrimonio Dominicano Biblioteca Nacional Pedro Henríquez Ureña Biblioteca Nacional Pedro Henríquez Ureña En catalogación 22.07.2018 Donado por CENTEV   R121p 2022-3534 22.07.2022 22.07.2022 Libro e.2
    Dewey Decimal Classification Préstamo en sala   Dominicana de Servicio Biblioteca Nacional Pedro Henríquez Ureña Biblioteca Nacional Pedro Henríquez Ureña En catalogación 13.03.2023 Donado por el Banco Central   R121p 2024-0079 05.01.2024 05.01.2024 Libro e.3

Powered by Koha